01186nam a2200253 a 450000100100000000500170001000800410002704000250006808200200009310000380011324500670015126000720021830000210029059000650031159000260037665000280040265000310043065000430046191000410050495201320054595201170067795201230079499900150091700000419320240412074202.0090720s2007 dr 000 p spa d aDO-SdBNPbspacBNPHU aRD861.44bP437r1 aPerelló, Ramón Lorenzo91238110aRomancero de la mujer dominicana /cRamón Lorenzo Perelló. aSanto Domingo :bBanco Central de la República Dominicana,c2007. a323 p. ;c22 cm. aLa biblioteca posee 3 ejemplares autografiados por el autor. aInventariado, 2018/LP 0aPoesía dominicana966 0aLiteratura dominicana.967 4aMujereszRepública Dominicana912382 aValidado. Control de calidad MMOLINA 001052708DSaGRbGRcHDd2009-07-20iLF1l0oRD861.44 P437rp4193-30r2020-06-25te. 3w2020-06-25yLFDSZPréstamo interno 0010718PDaPDbPDcHDd2009-07-20iLF1l0oRD861.44 P437rp4193-10r2020-06-25w2020-06-25yLFPDZNo se presta 0010718PDaPDbPDcHDd2009-07-20iLF1l0oRD861.44 P437rp4193-20r2020-06-25te. 2w2020-06-25yLFPDZNo se presta c4008d4008